000
00332nam a22001457a 4500
008
210308b ||||| |||| 00| 0 eng d
020
_a
9780534065522
041
_a
eng
080
_2
3th
_a
510
082
_2
3th
_a
510
100
_a
36
101
_a
MAT
245
_a
Trigonometry for college Students
_c
Smith,J.K
942
_2
udc
_c
BK
999
_c
56020
_d
56020